Understanding a history of civilization/ (Record no. 9620)

MARC details
000 -LEADER
fixed length control field 00529nam a2200145Ia 4500
008 - FIXED-LENGTH DATA ELEMENTS--GENERAL INFORMATION
fixed length control field 081213s9999 xx 000 0 und d
050 ## - LIBRARY OF CONGRESS CALL NUMBER
Classification number CB53
Item number .B35 1958
100 ## - MAIN ENTRY--PERSONAL NAME
Personal name Bailkey, Neils
245 ## - TITLE STATEMENT
Title Understanding a history of civilization/
Statement of responsibility, etc Nels Bailkey
260 ## - PUBLICATION, DISTRIBUTION, ETC. (IMPRINT)
Date of publication, distribution, etc 1958
Place of publication, distribution, etc Englewoods Cliffs
Name of publisher, distributor, etc Prentice-hall
300 ## - PHYSICAL DESCRIPTION
Extent viii,103 p.; ill. ; maps
Dimensions 24 cm.
440 ## - SERIES STATEMENT/ADDED ENTRY--TITLE
Volume number/sequential designation vol. 1,
942 ## - ADDED ENTRY ELEMENTS (KOHA)
Item type Book
Source of classification or shelving scheme Library of Congress Classification
Holdings
Withdrawn status Lost status Source of classification or shelving scheme Damaged status Not for loan Home library Current library Shelving location Date acquired Total Checkouts Full call number Barcode Date last borrowed Price effective from Koha item type
    Library of Congress Classification     Bishop Okullu Memorial Library (Limuru Campus) Bishop Okullu Memorial Library (Limuru Campus) General Circulation 15/12/2008 1 CB53.B35 1958 021308 16/02/2018 15/12/2008 Book